San Francisco by Picture - Statistics

General Stats
  • This quiz has been taken 44 times
  • The average score is 10 of 18
Answer Stats
Picture Hint Answer % Correct
(bridge) Golden Gate Bridge
100%
(notorious prison) Alcatraz
95%
(mode of transportation) Cable car
90%
(NFL team) 49ers
80%
(company founder) Steve Jobs
73%
(1967 hippie event) Summer of {Love}
73%
(city connected by this bridge) Oakland
70%
(openly gay politician) Harvey Milk
60%
(movie director and actor) Clint Eastwood
55%
(steep and curvy brick road) {Lombard} Street
55%
(skyscraper) {Transamerica} Pyramid
50%
(colorful Victorian houses) Painted Ladies
40%
(park at a former military base) The {Presidio}
40%
(concrete monument) {Coit} Tower
38%
(pier known for sea lions) Pier {39}
35%
(actress) Alicia Silverstone
30%
(built for the 1915 World's Fair) Palace of {Fine} {Arts}
30%
(building) San Francisco {Ferry}
25%
No matching quizzes found
Score Distribution
Percent of People with Each Score
Percentile by Number Answered
Your Score History
You have not taken this quiz